Goldilicious / (Record no. 3551)

MARC details
000 -LEADER
fixed length control field 01017cam a2200301 a 4500
005 - DATE AND TIME OF LATEST TRANSACTION
control field 20260326080555.0
020 ## - INTERNATIONAL STANDARD BOOK NUMBER
International Standard Book Number 9780061244087 (trade bdg.)
020 ## - INTERNATIONAL STANDARD BOOK NUMBER
International Standard Book Number 9780545279871
040 ## - CATALOGING SOURCE
Original cataloging agency DLC
Transcribing agency DLC
Modifying agency DLC
Language of cataloging eng
050 00 - LIBRARY OF CONGRESS CALL NUMBER
Classification number PZ7.K12774
Item number 2009
082 00 - DEWEY DECIMAL CLASSIFICATION NUMBER
Classification number 813.6
100 1# - MAIN ENTRY--PERSONAL NAME
Personal name Kann, Victoria
245 10 - TITLE STATEMENT
Title Goldilicious /
Statement of responsibility, etc. written & illustrated by Victoria Kann
250 ## - EDITION STATEMENT
Edition statement First Scholastic printing , September 2010
260 ## - PUBLICATION, DISTRIBUTION, ETC.
Place of publication, distribution, etc. New York :
Name of publisher, distributor, etc. Scholastic ,
Date of publication, distribution, etc. 2009
300 ## - PHYSICAL DESCRIPTION
Extent 39 unnumbered pages :
Other physical details color illustrations ;
Dimensions 26 cm.
490 ## - SERIES STATEMENT
Series statement Pinkalicious (3)
505 ## - FORMATTED CONTENTS NOTE
Formatted contents note P <br/>
520 ## - SUMMARY, ETC.
Summary, etc. A little girl and her brother play with her imaginary gold-horned unicorn that can float on water, fly, and turn herself into a fairy princess.
521 1# - TARGET AUDIENCE NOTE
Target audience note 640 <br/>
Source Lexile AD <br/>
521 1# - TARGET AUDIENCE NOTE
Target audience note P <br/>
Source Raz-Plus <br/>
650 #1 - SUBJECT ADDED ENTRY--TOPICAL TERM
Topical term or geographic name entry element Unicorns
Form subdivision Fiction
650 #1 - SUBJECT ADDED ENTRY--TOPICAL TERM
Topical term or geographic name entry element Siblings
Form subdivision Fiction
650 #1 - SUBJECT ADDED ENTRY--TOPICAL TERM
Topical term or geographic name entry element Imagination
Form subdivision Fiction
906 ## - LOCAL DATA ELEMENT F, LDF (RLIN)
a 7
b cbc
c orignew
d 1
e ecip
f 20
g y-gencatlg
942 ## - ADDED ENTRY ELEMENTS (KOHA)
Source of classification or shelving scheme Dewey Decimal Classification
Koha item type Books
Suppress in OPAC No
999 ## -
-- 3551
-- 3551
Holdings
Withdrawn status Lost status Source of classification or shelving scheme Damaged status Not for loan Collection Home library Current library Shelving location Date acquired Total Checkouts Full call number Barcode Date last seen Date last checked out Copy number Price effective from Koha item type
    Dewey Decimal Classification     Juvenile Fiction Footprints International School Library Network Toul Tom Poung Campus Footprints International School Library Network Toul Tom Poung Campus TTP Primary Yellow Bookshelves 03/19/2024 1 KAN 813.6 PZ7.K12774 FISBK00615 03/26/2026 03/19/2026 1 03/19/2024 Books
    Dewey Decimal Classification     Juvenile Fiction Footprints International School Library Network Toul Tom Poung Campus Footprints International School Library Network Toul Tom Poung Campus TTP Primary Yellow Bookshelves 12/19/2025   KAN 813.6 PZ7.K12774 FIS02495 12/19/2025   2 12/19/2025 Books